|
|
|
|
| LEADER |
00000nam a2200000 a 4500 |
| 001 |
vtls001157426 |
| 003 |
SK-MaSNL |
| 005 |
20260301154031.0 |
| 008 |
240314s1992 xo 0 slo |
| 020 |
|
|
|a 8085580004
|
| 035 |
|
|
|a SNK000100329
|
| 040 |
|
|
|a SNK
|b slo
|c SNK
|e AACR2
|
| 044 |
|
|
|a xo
|c SK
|
| 100 |
1 |
|
|a Karvaš, Peter,
|d 1920-1999
|4 aut
|9 103066
|
| 245 |
1 |
0 |
|a Rozhlasové umenie vo veku televízie
|c Peter Karvaš
|
| 260 |
|
|
|a Bratislava
|b Slovenský rozhlas
|c 1992
|
| 919 |
|
|
|a 80-85580-00-4
|
| 999 |
|
|
|c 795397
|d 797327
|
| 952 |
|
|
|t P60, <04>, [BOOK], {604}
|a SNK
|b SNK
|y VYP
|7 0
|p 17A0240483
|o snkSD 64552 D1
|0 0
|1 0
|4 0
|d 2002-08-05
|l 0
|r 2005-01-01 00:00:00
|w 2026-02-24
|
| 952 |
|
|
|a SNK
|b SNK
|y PREZ
|7 0
|p 17A1045068
|o snkSD 64552
|0 0
|1 0
|4 0
|d 2013-08-20
|l 0
|r 2026-02-24 01:50:45
|w 2026-02-24
|